Responses for Show #5127 - Tuesday, December 19, 2006

Steve Unite game 2.

Contestants

[<< previous game]

Mariann Buonadonna, a homemaker from Barnegat, New Jersey

Christian Ruud, a judicial law clerk from St. Paul, Minnesota

Steve Unite, a writer from Studio City, California (whose 1-day cash winnings total $22,404)

[next game >>]

Jeopardy! Round responses

A CHRISTMAS SONGBOOK
(Alex: I will read the lyrics. I will not sing them.)
LET IT SNOW, LET IT SNOW, LET IT SNOW
GO TELL IT ON THE MOUNTAIN
DECK THE HALLS
O COME, ALL YE FAITHFUL
"WINTER" WONDERLAND
    $200 5
"Frosty The Snowman"

Mariann
    $200 1
six

Christian
    $200 20
the Rockies

Steve
    $200 14
(Christian: Who is R2-D2?)

C-3PO

ChristianMariann
    $200 15
Buddha

Christian
    $200 10
the winter solstice

Steve
    $400 6
"The Little Drummer Boy"

Mariann
    $400 2
a blizzard

Steve
    $400 21
Kilimanjaro

Mariann
    $1,000 16
Teddy Roosevelt

Christian
    $400 27
barefoot

Triple Stumper
    $400 11
winter wheat

Steve
    $600 7
"White Christmas"

Mariann
    $600 3
a lake effect

Steve
    $600 22
Pikes Peak

Mariann
    $600 17
Champlain

Steve
    $600 28
Islam

Mariann
    $600 12
the Winter Palace

Christian
    $800 8
"Joy To The World"

Mariann
    $800 4
(Steve: What is supercooled?)

supersaturated

Steve
Triple Stumper
    $800 23
the Sierra Madre

Mariann
    $800 25
(Mariann: What is New York City?)

Seneca Falls

Mariann
Triple Stumper
    $800 29
Hinduism

Mariann
    $800 13
Winterset

Triple Stumper
    $1000 9
"Away In A Manger"

Steve
    $1000 19
(Mariann: What is Mauna Loa?)

Mauna Kea

Mariann
Triple Stumper
    $1000 24
McKinley

Steve
    $1000 26
(Christian: Who is Pasteur?)
(Mariann: Who is Carnation?)
(Steve: Why not? Who is [*]?)

(Gail) Borden

SteveChristianMariann
    $1000 30
Mount Carmel

Steve
    $1000 18
wintergreen

Mariann

Scores at the first commercial break (after clue 15):

Steve Christian Mariann
$1,800 $800 $2,200

Scores at the end of the Jeopardy! Round:

Steve Christian Mariann
$5,600 $800 $3,600

Double Jeopardy! Round responses

WHERE IN LONDON AM I?
SPORTS ABBREV.
WHO'S WHO IN THE WORLD
INSPIRED CHARACTERS
TRIOS
(Alex: A brief word of explanation about [*], Christian, since you select first. I will name three things that sound as if they don't belong together but the correct response is an accepted trio. For example, if I said "an unknown, a question, and a final letter," your correct response would be "What are X, Y, and Z?")
SPLIT INFINITIVES
    $400 6
Baker Street

Mariann
    $400 9
free throw

Steve
    $400 20
(Prince) Charles

Christian
    $400 1
Little Women

Mariann
    $400 14
(Christian: Who are royalty?)
(Mariann: Who are a sheik, a queen & a prince?)

king, queen & jack

SteveChristianMariann
    $400 18
Shakespeare

Mariann
    $800 7
Bloomsbury

Triple Stumper
    $800 10
football

Steve
    $800 22
Dalai Lama

Christian
    $800 2
(Jack) Kerouac

Christian
    $800 15
mourning, Noone & knight

Steve
    $800 19
Latin

Steve
    $1200 8
Fleet Street

Steve
    $1200 11
International Olympic Committee

Steve
    $1200 24
Solzhenitsyn

Mariann
    $1,000 3
(Christian: Who is Nelson?)

John Paul Jones

Christian
    $1200 16
(Alex: That's it, a famous baseball trio.)

tinker, Evers & Chance

Steve
    $1200 21
(Alex: Where no man has gone before.)

to boldly go

Steve
    $1600 26
(Mariann: What is Philosopher's Square?)

Speaker's Corner

Mariann
Triple Stumper
    $1600 12
Entertainment & Sports Programming Network

Steve
    $1600 25
Stockholm

Steve
    $1600 4
Mary, Queen of Scots

Mariann
    $2,000 17
Earth, wind & fire

Steve
    $1600 23
Oxford English Dictionary

Steve
    $2000 27
Regent's Park

Triple Stumper
    $2000 13
(Alex [after Steve runs the category]: Well done in the category. Your sports knowledge paid off handsomely.)

individual time trial

Steve
    $2000 5
Goethe

Triple Stumper

Scores at the end of the Double Jeopardy! Round:

Steve Christian Mariann
$22,400 $1,400 $5,600
(lock game)

[wagering suggestions for these scores]

Final Jeopardy! Round responses

THE ACADEMY AWARDS
(Alex: Christian, we start with you. You are in third place but you seem to be the player who's had the most fun today and I'm glad.)
[Christian laughs]
...
(Alex: [Revealing Mariann's wager] She knows how to do the math.)
...
(Alex: [Revealing Steve's response] It looks like, who is that? Haley?)
(Steve: Haley Joel Osment.)
(Alex: Well, you're wrong.)
(Steve: Nah, I am.)
(Alex: I don't know who it is but whatever it is, it's not [*].)
ChristianWho is Adrian Brody
$1,400
MariannWho is Dustin Hoffman
$2,799
SteveWho is Haley oel om
$2,400
Adrien Brody

Final scores:

Steve Christian Mariann
$20,000 $2,800 $2,801
2-day champion: $42,404 3rd place: $1,000 2nd place: $2,000

Game dynamics:

Coryat scores:

Steve Christian Mariann
$22,000 $1,800 $5,600
24 R
(including 1 DD),
1 W
7 R
(including 1 DD),
4 W
(including 1 DD)
16 R,
5 W

Combined Coryat: $29,400

[game clues] [game scores] [suggest correction]

Game tape date: 2006-10-24
The J! Archive is created by fans, for fans. Scraping, republication, monetization, and malicious use prohibited; this site may use cookies and collect identifying information. See terms. The Jeopardy! game show and all elements thereof, including but not limited to copyright and trademark thereto, are the property of Jeopardy Productions, Inc. and are protected under law. This website is not affiliated with, sponsored by, or operated by Jeopardy Productions, Inc. Join the discussion at JBoard.tv.